书目信息 |
| 题名: |
美国与中国
|
|
| 作者: | 费正清 著 | |
| 分册: | ||
| 出版信息: | 北京 世界知识出版社 1999.09 |
|
| 页数: | 473页 | |
| 开本: | 32开 | |
| 丛书名: | ||
| 单 册: | ||
| 中图分类: | D6 | |
| 科图分类: | ||
| 主题词: | 政治--中国 | |
| 电子资源: | ||
| ISBN: | 7-5012-1231-7 | |
| 000 | 00527nam0 2200193 45 | |
| 001 | 0010271051 | |
| 005 | 20010307105553.9 | |
| 010 | @a7-5012-1231-7@d26.00元 | |
| 100 | @a20001027d1999 km y0chiy0120 ea | |
| 101 | 0 | @achi |
| 105 | @a z 000yy | |
| 200 | 1 | @a美国与中国@AMei Guo Yu Zhong Guo@f费正清著@FFei Zheng Qing Zhu |
| 210 | @a北京@c世界知识出版社@d1999.09 | |
| 215 | @a473页@d32开 | |
| 606 | 0 | @a政治@x中国 |
| 690 | @aD6@v3 | |
| 701 | 0 | @a费正清@4著 |
| 801 | @aCN@bPftUser@c20001027 | |
| 905 | @dD6@eF697@b326750-754@f5 | |
| 美国与中国/费正清著.-北京:世界知识出版社,1999.09 |
| 473页;32开 |
| ISBN 7-5012-1231-7:26.00元 |
| ● |
| 相关链接 |
|
|
|
正题名:美国与中国
索取号:D6/F697
 
预约/预借
| 序号 | 登录号 | 条形码 | 馆藏地/架位号 | 状态 | 备注 |
| 1 | 326750 | 203267507 | 社科库509/509社科库 71排6列5层/ [索取号:D6/F697] | 在馆 | |
| 2 | 326751 | 203267516 | 社科库509/422社科库 31排1列2层/ [索取号:D6/F697] | 在馆 | |
| 3 | 326752 | 203267525 | 社科库509/509社科库 71排6列5层/ [索取号:D6/F697] | 在馆 | |
| 4 | 326753 | 203267534 | 社科库509/509社科库 71排6列5层/ [索取号:D6/F697] | 在馆 | |
| 5 | 326754 | 203267543 | 社科库509/509社科库 71排6列5层/ [索取号:D6/F697] | 在馆 |